Score 0/12 Timer 03:00
0 Plays Today
Hint Answer % Correct
The ability to sustain a prolonged stressful effort or activityendurance
74.4%
To express approval of publiclyendorse
69.6%
Instrument for visualizing the interior of a hollow organendoscope
67.8%
To create a perilous situationendanger
67.1%
An internal supporting framework in an animal endoskeleton
65.7%
Producing secretions distributed in the body by the bloodstream endocrine
61%
Serious determined effort or undertakingendeavo(u)r
60.2%
A word or an act expressing affectionendearment
57.1%
Annual or biennial herb cooked as a vegetable or used in saladsendive
52.3%
To provide with something freely or naturallyendow/endue
50.1%
Peptide that activates opiate receptors, causing an analgesic effectendorphin
43.6%
Prevalent in a particular field, area, or environmentendemic
33.9%
Remove Ads.
Support Sporcle.
Get the best of Sporcle when you Go Orange. This ad-free experience offers more features, more stats, and more fun while also helping to support Sporcle. Thank you for becoming a member.

You're not logged in!

Compare scores with friends on all Sporcle quizzes.
OR
Log In

Sporcle TV

Today on Sporcle TV


Watch our educational content, quiz creation guides, and fun videos on Sporcle TV.

Show Comments

Extras

Top Quizzes Today


Score Distribution

Paid Content

Your Account Isn't Verified!

In order to create a playlist on Sporcle, you need to verify the email address you used during registration. Go to your Sporcle Settings to finish the process.

Report this User

Report this user for behavior that violates our Community Guidelines.

Details: